00992 2200325 4500001002100000005001500021035002000036007000300056008004100059020002200100082001600122084001800138100003000156245006600186250003700252300004700289650002400336700004500360264003200405336002100437337003000458338002300488040002200511090002200533850001200555504003400567999002200601990002100623990002200644INLIS00000000086006820210520013154 a0010-0521000649ta210520s2020 yoia g ind d a978-623-02-1599-504223a370.114 a370.114 SUK p0 aSukatind1986-ePengarang10aPendidikan karakter /cSukatin, M. Shoffa Saifillah Al- Faruq aCetakan pertama : September 2020 aviii, 250 halaman :bbagan, tabel ;c23 cm 4aPendidikan karakter1 aShoffa Saifillah Al- Faruq, .ePengarang31aSleman :bDeepublish,c2020 2rdacontentateks 2rdamediaatanpa perantara 2rdacarrieravolume aYOPDYOGbinderda aCB-D.11 2020-2645 aYOPDYOG aBibliografi : halaman 241-247 aCB-D.11/2020-2645 aCB-D.11/220-2645 aCB-D.11/2020-2645